| 000 | 00657nam a22001817a 4500 | ||
|---|---|---|---|
| 999 |
_c192638 _d192638 |
||
| 005 | 20220928141440.0 | ||
| 010 | _aB-745721 | ||
| 020 |
_a9788186561041 _c6548.00 |
||
| 037 | _bSaujanya Publications, Delhi | ||
| 082 | _a409.54 | ||
| 245 |
_aIndian and Persian Prosody and Recitation/ _ced. Hiroko Nagasaki |
||
| 260 |
_aDelhi _bSaujanya Publications _c2012 |
||
| 270 |
_bDelhi _a165-E, Kamla Nagar _e110007 _k91-11-23844541 _mwww.saujanyabooks.com |
||
| 300 |
_ax,386p. _c25cm (hbk) |
||
| 500 | _aIndex and CD | ||
| 942 |
_2ddc _cEN _h409.54 _mNAG |
||